[Event "IRI-ch U12"]
[Site "Chess.com INT"]
[Date "2021.01.16"]
[Round "5"]
[White "Bolandakhtar, Ata"]
[Black "Asvar, Mohammad Matin"]
[Result "1-0"]
[WhiteElo "1440"]
[BlackElo "1366"]
[PlyCount "87"]
[EventDate "2021.01.16"]
[EventType "swiss"]
[EventRounds "11"]
[EventCountry "IRI"]
[SourceTitle "EXT 2022"]
[Source "ChessBase"]
[SourceDate "2021.10.06"]
[SourceVersion "1"]
[SourceVersionDate "2021.10.06"]
[SourceQuality "1"]

1. d4 Nf6 2. c4 e6 3. Nc3 Bb4 4. e3 0-0 5. Nge2 c5 6. a3 Bxc3+ 7. bxc3 Nc6 8. Ng3 b6 9. d5 Na5 10. Be2 Ba6 11. 0-0 Bxc4 12. Bxc4 Nxc4 13. e4 exd5 14. exd5 d6 15. Qf3 Ne5 16. Qd1 h6 17. f4 Ng6 18. f5 Ne5 19. Nh5 Kh7 20. Bf4 Re8 21. Ra2 c4 22. Nxf6+ Qxf6 23. g4 Nd3 24. Bd2 Qh4 25. Qf3 Re5 26. Bf4 Re1 27. Bg3 Rxf1+ 28. Kxf1 Qf6 29. Qe4 b5 30. h4 g5 31. hxg5 Qxg5 32. Bxd6 Qc1+ 33. Kg2 Qxc3 34. Re2 Rg8 35. f6+ Rg6 36. Qf5 Ne1+ 37. Kf2 Nd3+ 38. Kg1 Qc1+ 39. Kh2 Qd1 40. Re7 Qd2+ 41. Kg3 Kg8 42. Qc8+ Kh7 43. Rxf7+ Rg7 44. Rxg7# 1-0

[Event "IRI-ch U12"]
[Site "Chess.com INT"]
[Date "2021.01.16"]
[Round "9"]
[White "Bolandakhtar, Ata"]
[Black "Hasanpor Moghadam, Iman"]
[Result "0-1"]
[WhiteElo "1440"]
[BlackElo "1285"]
[PlyCount "68"]
[EventDate "2021.01.16"]
[EventType "swiss"]
[EventRounds "11"]
[EventCountry "IRI"]
[SourceTitle "EXT 2022"]
[Source "ChessBase"]
[SourceDate "2021.10.06"]
[SourceVersion "1"]
[SourceVersionDate "2021.10.06"]
[SourceQuality "1"]

1. d4 Nf6 2. c4 e6 3. Nc3 Bb4 4. e3 d5 5. cxd5 exd5 6. Nge2 0-0 7. a3 Bxc3+ 8. Nxc3 Bf5 9. Be2 c6 10. 0-0 Nbd7 11. Re1 Re8 12. b4 Ne4 13. Bb2 Nxc3 14. Bxc3 Nf6 15. Rc1 Ne4 16. b5 Qf6 17. Bf3 Rac8 18. bxc6 Rxc6 19. Bb4 Rec8 20. Rxc6 Qxc6 21. Qe2 Qc2 22. h3 h6 23. Qxc2 Rxc2 24. Bxe4 Bxe4 25. f3 Bg6 26. Kh2 f5 27. Kg3 Kf7 28. Rb1 b6 29. Bd6 Rc6 30. Be5 f4+ 31. Kxf4 Bxb1 32. g4 g5+ 33. Kg3 Rc3 34. Kf2 Rxa3 0-1

[Event "IRI-ch U12"]
[Site "Chess.com INT"]
[Date "2021.01.16"]
[Round "3"]
[White "Bolandakhtar, Ata"]
[Black "Mohammad Bidaghi, Ali"]
[Result "1-0"]
[WhiteElo "1440"]
[BlackElo "1221"]
[PlyCount "161"]
[EventDate "2021.01.16"]
[EventType "swiss"]
[EventRounds "11"]
[EventCountry "IRI"]
[SourceTitle "EXT 2022"]
[Source "ChessBase"]
[SourceDate "2021.10.06"]
[SourceVersion "1"]
[SourceVersionDate "2021.10.06"]
[SourceQuality "1"]

1. d4 d5 2. c4 c6 3. Nc3 Nf6 4. e3 e6 5. Nf3 Bd6 6. Qc2 0-0 7. b3 Bb4 8. a3 Qa5 9. Bb2 Bd6 10. Be2 Qd8 11. 0-0 Nbd7 12. e4 dxe4 13. Nxe4 Nxe4 14. Qxe4 Nf6 15. Qc2 Qc7 16. Rfe1 Ng4 17. h3 Nh2 18. Ng5 g6 19. Ne4 f5 20. Nxd6 Qxd6 21. c5 Qf4 22. Bc4 Re8 23. Qd3 b5 24. cxb6 axb6 25. Qg3 Qd2 26. Rab1 b5 27. Be2 b4 28. axb4 Ra2 29. Bc3 Qc2 30. Kxh2 f4 31. Qd3 Qxd3 32. Bxd3 Rxf2 33. Rf1 Ra2 34. Rxf4 Rd8 35. Bc4 Rc2 36. Ba1 Kg7 37. d5+ Kh6 38. Bf6 g5 39. Bxd8 gxf4 40. dxe6 f3 41. Rg1 c5 42. Kg3 cxb4 43. gxf3 Bb7 44. e7 Bc6 45. Kf4 Rf2 46. Rg3 Kh5 47. Bf7+ Kh6 48. e8Q Bxe8 49. Bxe8 Re2 50. Bf6 Rxe8 51. Bg7+ Kh5 52. Rg5+ Kh4 53. Rg4+ Kxh3 54. Bf6 Rf8 55. Kf5 Kh2 56. Rxb4 h5 57. Rh4+ Kg3 58. Rxh5 Kxf3 59. Rh4 Rf7 60. b4 Rb7 61. Ke6 Ke3 62. Kd5 Rb5+ 63. Kc6 Rf5 64. Be7 Rf7 65. Bc5+ Kd3 66. b5 Rf6+ 67. Bd6 Rf1 68. b6 Rb1 69. b7 Kc3 70. b8Q Rxb8 71. Bxb8 Kd2 72. Kd5 Kd3 73. Ba7 Ke2 74. Ke4 Kd2 75. Bd4 Ke2 76. Rh2+ Kf1 77. Kf3 Ke1 78. Be3 Kd1 79. Ra2 Ke1 80. Rd2 Kf1 81. Rd1# 1-0